| 000 | 00433nam a2200181Ia 4500 | ||
|---|---|---|---|
| 001 | 11805 | ||
| 005 | 20260306162855.0 | ||
| 008 | 260306t2015||||xx |||||||||||||| ||spa|| | ||
| 041 | _aESP | ||
| 082 |
_aHR 200 _bN° 13 2015 PC |
||
| 110 | _aUniversidad Católica San Pablo | ||
| 245 | 0 | _aPersona y cultura | |
| 260 | _c2015 | ||
| 300 |
_a119 páginas : _c23 cm. |
||
| 650 | _aGEN | ||
| 654 | _aCHU | ||
| 942 |
_cREV _dJUS _fJUS _2ddc _n |
||
| 999 |
_c11805 _d11805 |
||